| 000 | 00461cam a2200169ua 4500 | ||
|---|---|---|---|
| 003 | OSt | ||
| 008 | 241226b |||||||| |||| 00| 0 eng d | ||
| 020 | _a81-203-1570-7 | ||
| 041 | _aeng | ||
| 082 |
_a005.369 _bKRA/TH |
||
| 100 |
_aKraynak, Joe . _96625 |
||
| 245 | _aThe Complete Idiot;s guide ot Microsoft Office 2000 / | ||
| 260 |
_aNew Delhi : _bPrentice Hall of India Pvt Ltd. , _c1999. |
||
| 300 | _a330 ; . | ||
| 650 |
_aComputers _95111 |
||
| 942 | _cBK | ||
| 999 |
_c11320 _d11320 |
||